CAMPBELL'S OPERATIVE ORTHOPAEDICS 4 VOLUME SET (Record no. 34979)

MARC details
000 -LEADER
fixed length control field 00420nam a22001697a 4500
003 - CONTROL NUMBER IDENTIFIER
control field SGT
020 ## - INTERNATIONAL STANDARD BOOK NUMBER
International Standard Book Number 9780443379383
082 ## - DEWEY DECIMAL CLASSIFICATION NUMBER
Classification number 617.3
Item number C27A
100 ## - MAIN ENTRY--PERSONAL NAME
Personal name AZAR, FREDERICK M.
245 ## - TITLE STATEMENT
Title CAMPBELL'S OPERATIVE ORTHOPAEDICS 4 VOLUME SET
250 ## - EDITION STATEMENT
Edition statement 15TH
260 ## - PUBLICATION, DISTRIBUTION, ETC. (IMPRINT)
Place of publication, distribution, etc PHILADELPHIA
Name of publisher, distributor, etc ELSEVIER PUB
Year of Publication 2027
300 ## - PAGE DESCRIPTION
No. of Pages 1032,1979,2976,4175
650 ## - SUBJECT ADDED ENTRY--TOPICAL TERM
Topical term or geographic name as entry element ORTHOPAEDICS
942 ## - ADDED ENTRY ELEMENTS (KOHA)
Source of classification or shelving scheme Dewey Decimal Classification
Koha item type Books
Holdings
Withdrawn status Lost status Source of classification or shelving scheme Damaged status Not for loan Collection code Home library Current library Shelving location Date acquired Vendor Name Cost, normal purchase price Volume Information (Serial or Books or Non-Book Material) SGTU Bill Number Total Checkouts Full call number Accession No. (Barcode) Date last seen Bill Date Koha item type
    Dewey Decimal Classification   Not For Loan MEDICAL SGT Medical Library SGT Medical Library Reference Book 01/06/2026 ABC DELHI 29300.00 VOL-I SGTU 23076   617.3 C27A FM16317 29/06/2026 01/06/2026 Books
    Dewey Decimal Classification   Not For Loan MEDICAL SGT Medical Library SGT Medical Library Reference Book 01/06/2026 ABC DELHI   VOL-II SGTU 23076   617.3 C27A FM16318 29/06/2026 01/06/2026 Books
    Dewey Decimal Classification   Not For Loan MEDICAL SGT Medical Library SGT Medical Library Reference Book 01/06/2026 ABC DELHI   VOL-III SGTU 23076   617.3 C27A FM16319 29/06/2026 01/06/2026 Books
    Dewey Decimal Classification   Not For Loan MEDICAL SGT Medical Library SGT Medical Library Reference Book 01/06/2026 ABC DELHI   VOL-IV SGTU 23076   617.3 C27A FM16320 29/06/2026 01/06/2026 Books